| 000 | 00981nam a22003017a 4500 | ||
|---|---|---|---|
| 001 | 5270 | ||
| 003 | FISKH | ||
| 005 | 20241121155603.0 | ||
| 008 | 241121b cb ||||| |||| 00| 0 eng d | ||
| 020 | _a9780439851947 | ||
| 040 |
_aFISKH _beng _cFISKH _dFISKH |
||
| 050 | _aQK475.M55 | ||
| 082 | _a582.16 | ||
| 100 |
_aS.MIller, Debbie _d(1951-) |
||
| 245 |
_aAre tree alive? / _cDebbie S.Miller Illustrations by Stacey Schuett |
||
| 250 | _aPublished in 2002 | ||
| 260 |
_aNew York : _bScholastic, _c2002. |
||
| 300 |
_a29 pages : _bColor illustrations ; _c28 cm |
||
| 505 | _aR | ||
| 520 | _aAn introduction to trees that compares parts of a tree to parts of the human body, with illustrations and brief descriptions of trees found around the world. | ||
| 521 | 8 |
_a640L
_bLexile |
|
| 521 | 8 |
_aR
_bRaz-Plus |
|
| 650 |
_2Leaves _aInformational |
||
| 650 |
_2Non-fiction _aPlants |
||
| 700 |
_aSchuett, Stacey _dIllustrator |
||
| 942 |
_2ddc _cBK _n0 |
||
| 999 |
_c5270 _d5270 |
||